01221cam a22002897a 4500003000500000005001700005008004100022010001000063011001000073020001500083022001400098035001000112040000900122110007100131245015200202260010400354300002100458410006100479490002600540650004600566650005600612650004400668650003100712710010100743810006100844830002600905CHAP20220329142358.0001018d1999 nl d r 00110 eng d a82640 a83612 a92911804750 a1023-9394 a94127 cCHAP2 aServicio Internacional para la Investigación Agrícola Nacional10aStrategy for development of an information technology in agricultural research (ITAR)c/by International Service for National Agricultural Research aThe Hague, Netherlands :bServicio Internacional para la Investigación Agrícola Nacional,c1999 a40 p. :bcuadros21aInternational Service for National Agricultural Research 0aCountry reportv; R6114aAgriculturaxInnovaciones tecnológicas.14aAgriculturaxInvestigaciónxFilipinaszFilipinas.14aAgriculturaxSistemas de información.14aSistemas de información.0 aThe Philippine Council for Agriculture, Forestry and Natural Resources Research and Development.00aInternational Service for National Agricultural Research0 aCountry reportv; R61